[Event "47th GER-ch Blitz 2020"]
[Site "Magdeburg"]
[Date "2020.08.15"]
[Round "3.8"]
[White "Wichmann, Cliff"]
[Black "Stein, Robert"]
[Result "0-1"]
[WhiteElo "2305"]
[BlackElo "2325"]
[Annotator "TA"]
[PlyCount "72"]
[EventDate "2020.07.28"]
[EventType "tourn"]
[EventCountry "GER"]
[SourceTitle "playchess.com"]
[Source "ChessBase"]
[SourceQuality "1"]

{[%evp 15,72,0,8,0,29,0,63,-28,52,64,47,36,36,39,35,0,0,0,0,0,0,0,0,-47,-47,-60,-34,-67,-50,-243,-104,-243,-233,-229,-223,-203,-226,-293,-308,-304,-230,-215,-226,-258,-199,-232,-208,-313,-328,-379,-381,-485,-344,-433,-418,-708,-716,-716,-681]} 1. d4 d5 2. c4 e6 3. Nc3 c6 4. Nf3 Nf6 5. e3 Nbd7 6. Qc2 Bd6 7. Bd3 dxc4 8. Bxc4 b5 9. Be2 {The main line 9.Be2 scores better than 9.Bd3. D46: Semi-Slav: 5 e3 Nbd7 6 Bd3, Black avoids the Meran.} Bb7 10. O-O a6 ({Black should try} 10... O-O $11) 11. Rd1 {[#]} (11. e4 $14 e5 12. Rd1) 11... Rc8 $146 (11... c5 $11) ({Predecessor:} 11... Qe7 12. a4 Rc8 13. e4 b4 14. e5 bxc3 15. exd6 Qxd6 16. bxc3 c5 17. Ba3 O-O 18. dxc5 {1-0 (69) Vogel,R (2475)-Stein,R (2180) Playchess.com INT 2020}) 12. e4 $14 Be7 13. Bg5 O-O 14. e5 Nd5 {[#] And now ...Nxc3 would win.} 15. Ne4 c5 $1 16. Bxe7 Qxe7 17. Nd6 Rc7 $1 18. Nxb7 Rxb7 19. Qe4 c4 20. h4 Rc8 21. Rd2 Rbc7 22. Rc1 $2 {[#] White is on the road to losing.} (22. Ng5 $15 g6 23. Qg4) 22... Nf8 (22... c3 $19 {is more deadly.} 23. bxc3 Nxc3 24. Rxc3 Rxc3) 23. g3 (23. Ra1 $17 {might work better.}) 23... c3 $19 24. bxc3 Nxc3 25. Rxc3 Rxc3 26. d5 exd5 27. Rxd5 R3c5 28. Rd6 a5 29. Bd3 b4 30. Kg2 Rd8 31. Rxd8 (31. Ra6 {keeps fighting.}) 31... Qxd8 32. Bc2 Qd5 33. Qe2 Qc4 34. Bd3 Qe6 35. Qe4 (35. Qd2 $142 Qg4 36. Nh2) 35... Qxa2 36. Nd4 Qd5 {Accuracy: White = 33%, Black = 65%.} 0-1

[Event "47th GER-ch Blitz 2020"]
[Site "Magdeburg"]
[Date "2020.08.15"]
[Round "3.9"]
[White "Zelbel, Patrick"]
[Black "Schoewel, Matthias"]
[Result "1-0"]
[WhiteElo "2448"]
[BlackElo "2218"]
[Annotator "TA"]
[PlyCount "199"]
[EventDate "2020.07.28"]
[EventType "tourn"]
[EventCountry "GER"]
[SourceTitle "playchess.com"]
[Source "ChessBase"]
[SourceQuality "1"]

{[%evp 10,199,-4,-14,21,8,25,22,19,22,17,20,21,-3,39,19,20,0,0,0,0,-16,22,-4,-5,-21,-1,-24,0,0,14,10,71,68,201,197,472,316,479,262,264,266,267,264,504,498,493,482,463,241,248,263,249,232,252,259,254,250,261,253,286,275,272,272,279,262,283,272,291,301,275,274,341,250,286,240,298,203,214,166,164,135,175,194,183,185,182,163,182,173,181,164,199,156,162,163,143,68,98,0,97,52,237,234,506,491,735,735,966,859,898,863,864,835,5931,5919,29971,29972,29970,29973,29971,29959,29953,29956,29963,29966,29954,29957,29960,2010,29983,29984,29991,29969,29969,29970,29969,29966,29969,29968,29967,29967,29971,29971,29972,29973,29973,29974,29974,29955,29980,29981,29986,29978,29977,29973,12792,10152,29976,29977,29980,29979,29981,29982,29982,29980,29979,29978,29977,29978,29977,29976,29984,29985,29985,29986,29986,29985,29985,29986,29987,29985,29985,29986,29986,29987,29990,29988,29995,29996,29996,29997]} 1. e4 e5 2. f4 Bc5 3. Nf3 d6 4. Nc3 Nf6 5. Bc4 O-O 6. d3 {[#]} Re8 $146 {C30: King's Gambit Declined.} ({Predecessor:} 6... Nc6 7. Na4 Bb6 8. Nxb6 axb6 9. O-O Na5 10. Nd2 exf4 11. Rxf4 Nxc4 12. Nxc4 d5 13. exd5 Nxd5 14. Rf2 Re8 15. Qf3 Re1+ 16. Rf1 Rxf1+ 17. Qxf1 {½-½ (24) Adhiban,B (2655)-Movsesian,S (2647) Riadh 2017}) 7. fxe5 dxe5 8. Qe2 h6 {The position is equal.} 9. Be3 Bd4 10. O-O Nc6 11. Nd1 Be6 12. Bxe6 Rxe6 13. Nxd4 Nxd4 14. Qf2 Qd7 15. h3 Nh7 16. Bxd4 exd4 17. Qh4 Rg6 18. Nf2 Re8 19. Ng4 Qb5 20. b3 Qg5 (20... Qc6 $11) 21. Qf2 $16 Re7 (21... Nf6 $14) 22. Qxd4 $18 h5 $2 (22... Ree6 {is a better defense.} 23. Rf5 (23. Qxa7 Nf6 $18) 23... Qh4) 23. Rf5 Qh4 (23... Rd6 $142) 24. Rxh5 (24. Qd8+ $142 Nf8 25. Rxf7 $1 {[%mdl 576] Decoy} Kxf7 26. Ne5+ $1 {[%mdl 512]} Rxe5 27. Qxh4) 24... Qxh5 25. Qd8+ {[%mdl 64] Double Attack} Nf8 26. Qxe7 Qa5 $2 (26... Rc6 27. c4 Qc5+ 28. Qxc5 Rxc5) 27. Rf1 Qb6+ 28. Kh1 Qe6 29. Qxe6 (29. Qxc7 $142 Qd7 30. Qb8) 29... Nxe6 {[%mdl 4096] Endgame KRN-KRN} 30. Ne5 Rg5 31. Nf3 ({Stronger than} 31. Rxf7 Rxe5 32. Rd7 a6 $17) 31... Ra5 32. a4 Rc5 33. Rf2 a6 34. Kg1 b5 {and the idea ...bxa4 leaves Black hopeful.} 35. axb5 Rxb5 36. Rd2 Ra5 37. Kf2 Ra2 38. Ke3 c5 39. d4 cxd4+ 40. Nxd4 Nc5 41. Nf5 a5 42. h4 a4 43. bxa4 Rxa4 44. Rd4 {aiming for Rxa4.} Ra3+ 45. Ke2 Ra2 46. Rc4 Ne6 47. g3 g6 48. Ne3 Ra1 49. Nd5 Kg7 50. Rc8 Ra4 51. c4 Ra2+ 52. Kf3 Ra3+ {[#]} 53. Kf2 (53. Kg2 $1 $16) 53... Ra2+ $1 $14 54. Kf3 Ra3+ $1 55. Kg4 {Strongly threatening Nf4. White now steadily converts the win.} Ra7 $2 (55... Nd4 $1 $14) 56. c5 $18 Ra1 $2 (56... Ra4 57. Nf4 Rxe4) 57. Nf4 Nd4 (57... Nxf4 $142 58. Kxf4 Kf6) 58. c6 Rc1 59. c7 Nb5 60. Nd5 Rc4 61. Kf4 f5 62. Re8 Nxc7 63. Re7+ {[%mdl 64] Double Attack} Kh6 64. Nxc7 fxe4 {KRN-KR} 65. Nd5 e3+ 66. Kxe3 Ra4 67. Nf6 {[%csl Gf6][%cal Re7h7]} g5 68. h5 {[%csl Gf6][%cal Re7h7]} Ra3+ 69. Kf2 (69. Kd4 $142 g4 70. Rh7+ Kg5 71. Ne4+ Kf5 72. Rf7+ Ke6 73. Ng5+ Kd6 74. h6 Ra4+ 75. Ke3) 69... Ra2+ 70. Kf3 {[%csl Gf6][%cal Re7h7]} Ra3+ 71. Kg2 {[%csl Gf6][%cal Re7h7]} g4 72. Nxg4+ Kxh5 73. Nf2 Ra2 74. Re5+ Kg6 75. Rb5 Rc2 76. g4 Rc3 77. Ne4 Ra3 78. Rb6+ Kg7 79. g5 Kf7 80. Rf6+ Kg7 81. Rf3 Ra4 82. Re3 Kg6 83. Kf3 Ra1 84. Kf4 {White mates.} Rf1+ 85. Rf3 Ra1 86. Kg4 Ra4 87. Rf6+ Kg7 88. Kf5 Ra5+ 89. Kf4 Ra4 90. Rb6 Ra7 91. Nd6 Ra4+ 92. Kf5 Ra5+ 93. Nb5 Ra1 94. Rb7+ Kg8 95. Kg6 {[%cal Rb7b8]} Ra6+ {[#]} 96. Kh5 $1 Ra1 97. Nd4 Rd1 98. Nf5 Ra1 99. g6 {[%cal Rb7b8]} Rh1+ 100. Kg5 {Accuracy: White = 69%, Black = 47%.} 1-0

[Event "47th GER-ch Blitz 2020"]
[Site "Magdeburg"]
[Date "2020.08.15"]
[Round "3.10"]
[White "Dobrikov, Marco"]
[Black "Berger, Steve"]
[Result "1-0"]
[WhiteElo "2290"]
[BlackElo "2408"]
[Annotator "TA"]
[PlyCount "50"]
[EventDate "2020.07.28"]
[EventType "tourn"]
[EventCountry "GER"]
[SourceTitle "playchess.com"]
[Source "ChessBase"]
[SourceQuality "1"]

{[%evp 15,50,-19,-19,-26,-16,-19,18,0,2,4,40,-14,-18,-11,-10,-19,-8,-5,-5,-18,-18,-14,0,-22,0,-21,14,-18,0,0,0,4,70,70,164,164,155]} 1. e4 e6 2. d4 d5 3. Nc3 Nf6 4. Bg5 dxe4 5. Nxe4 Nbd7 6. Nf3 Be7 7. Bxf6 Nxf6 8. Nxf6+ Bxf6 9. Bd3 {C13: French: Classical System: 4 Bg5 Be7, Alekhine-Chatard Attack.} Qd6 10. c3 O-O 11. Qc2 {The position is equal.} h6 {[#]} 12. O-O $146 ({Predecessor:} 12. O-O-O b5 13. Bxb5 Rb8 14. Bd3 Bb7 15. Kb1 Rfc8 16. Be4 c5 17. Bxb7 Rxb7 18. dxc5 Qxc5 {0-1 (26) Oliveira,C (1717)-Zilber,V (1872) Curitiba 2016}) 12... Bd7 13. Rfe1 ({Better is} 13. Nd2 $14) 13... c5 $11 14. dxc5 Qxc5 15. Be4 Qb6 16. Rad1 Rad8 17. Qb3 Qxb3 18. axb3 Bc8 19. b4 a6 20. Kf1 g5 21. h3 Kg7 22. Nd2 Be7 23. Nc4 {White wants to play Nb6.} f5 (23... Bd7 $1 $11) 24. Bf3 $14 Kf6 {[#]} (24... Bd7 $14) 25. Nb6 $1 $18 Rxd1 {Accuracy: White = 88%, Black = 59%.} 1-0

[Event "47th GER-ch Blitz 2020"]
[Site "Magdeburg"]
[Date "2020.08.15"]
[Round "3.11"]
[White "Frischmann, Rick"]
[Black "Kopylov, Michael"]
[Result "1-0"]
[WhiteElo "2347"]
[BlackElo "2407"]
[Annotator "TA"]
[PlyCount "46"]
[EventDate "2020.07.28"]
[EventType "tourn"]
[EventCountry "GER"]
[SourceTitle "playchess.com"]
[Source "ChessBase"]
[SourceQuality "1"]

{[%evp 11,46,41,43,36,42,28,24,12,23,-57,-15,-12,0,-32,0,0,0,0,16,0,0,-37,-4,-72,0,0,53,0,94,0,26,8,52,32,42,-22,128]} 1. e4 Nf6 2. e5 Nd5 3. d4 d6 4. Bc4 c6 5. f4 g6 6. Nf3 Bg7 7. O-O {B03: Alekhine's Defence: Four Pawns Attack.} O-O {[#]} 8. Kh1 $146 ({Predecessor:} 8. Nc3 dxe5 9. fxe5 Na6 10. Ne4 Bf5 11. Bxa6 bxa6 12. Nc5 Nc7 13. Qe2 a5 14. Nb7 Qd7 15. Nxa5 Ne6 16. Be3 Qd5 17. b4 {1-0 (37) Golubka,P (2461)-Khaetsky,R (2347) Heusenstamm 2018}) 8... b5 9. Bb3 {White has an edge.} Bb7 10. e6 ({Better is} 10. Na3 $11) 10... fxe6 11. Ng5 Qd7 12. Qe2 Rf6 13. Nc3 Na6 14. Nce4 Rf5 15. c3 Nac7 16. Kg1 h6 17. Nh3 (17. Nf3 $11 {remains equal.}) 17... Raf8 (17... a5 $17 {White must now prevent ...b4.} 18. Ng3 Rff8) 18. Bd2 $11 Kh7 (18... Ba6 $11) 19. Rae1 {[#]} (19. Bc2 $14) 19... a6 (19... b4 $1 $11 {[%mdl 512]}) 20. Qg4 (20. g4 $16) 20... Bc8 21. Bc2 Qe8 22. Ng3 {[%mdl 1024] White has compensation.} e5 23. Qh4 (23. dxe5 $14 Rxe5 {[#]} 24. Bxg6+ $1 {[%mdl 512]} Qxg6 25. Qxg6+ Kxg6 26. fxe5) 23... exf4 {Accuracy: White = 54%, Black = 52%.} (23... exd4 $11 24. Nxf5 Bxf5 25. Bxf5 gxf5) 1-0

[Event "47th GER-ch Blitz 2020"]
[Site "Magdeburg"]
[Date "2020.08.15"]
[Round "3.12"]
[White "Meier, Georg"]
[Black "Hess, Max"]
[Result "1-0"]
[WhiteElo "2621"]
[BlackElo "2378"]
[Annotator "TA"]
[PlyCount "77"]
[EventDate "2020.07.28"]
[EventType "tourn"]
[EventCountry "GER"]
[SourceTitle "playchess.com"]
[Source "ChessBase"]
[SourceQuality "1"]

{[%evp 20,77,32,30,77,77,79,41,48,51,59,59,62,52,66,69,203,199,193,105,131,135,156,156,157,158,152,150,208,207,270,214,214,202,210,206,213,145,102,122,234,222,663,681,625,533,602,358,1479,1464,1484,1309,1385,714,1443,1279,1449,1335,925,823]} 1. Nf3 Nf6 2. g3 g6 3. Bg2 Bg7 4. O-O O-O 5. d4 d6 6. b3 c5 7. c4 Nc6 8. Bb2 Ne4 9. Nbd2 Bf5 10. Nh4 Nxd2 11. Qxd2 {[#]} Bxd4 $146 {E60: King's Indian: Unusual lines and Fianchetto Variation without Nc3.} ({Predecessor:} 11... Nxd4 12. Nxf5 Nxf5 13. Bxg7 Nxg7 14. Bxb7 Rb8 15. Bf3 a5 16. h4 h5 17. Rab1 Qc7 18. Kg2 Rfd8 19. Rh1 Ne8 {½-½ (64) Grigoryan,K (2632)-Shevchenko,K (2553) Seville 2020}) 12. Nxf5 Bxb2 {[#]} 13. Nxe7+ $1 {[%mdl 512]} Qxe7 {White is slightly better.} (13... Nxe7 14. Qxb2) 14. Qxb2 Rfe8 15. e3 h5 16. Rad1 Rab8 17. Rd5 b5 {[#]} (17... a6 $14) 18. cxb5 $1 $18 Rxb5 {[#]} 19. Rfd1 (19. Rxh5 $1 $18 {[%mdl 512]} gxh5 20. Bxc6) 19... Rd8 20. Qd2 Nb4 21. Rxd6 Rxd6 22. Qxd6 Qxd6 23. Rxd6 Nxa2 $16 {[%mdl 4096] Endgame KRB-KRN} (23... c4 $16) 24. Bd5 $18 Nb4 25. Rxg6+ Kf8 26. Rd6 Nxd5 27. Rxd5 {KR-KR} h4 28. Kg2 hxg3 29. hxg3 Rxb3 (29... Ke7 $16) 30. Rxc5 Kg7 $2 (30... Ra3 31. Rc7 Ra2) 31. Ra5 Rb7 32. g4 Rc7 33. Kg3 f6 $2 (33... Re7 34. Kf4 Re6 35. Rxa7 Kg6) 34. Ra6 {White is clearly winning.} Kg6 35. e4 Kf7 36. Kf4 Rd7 37. f3 Rb7 38. g5 fxg5+ 39. Kxg5 {Accuracy: White = 79%, Black = 36%.} 1-0

[Event "47th GER-ch Blitz 2020"]
[Site "Magdeburg"]
[Date "2020.08.15"]
[Round "3.13"]
[White "Koch, Thomas"]
[Black "Siebarth, Raiko"]
[Result "1/2-1/2"]
[WhiteElo "2461"]
[BlackElo "2333"]
[Annotator "TA"]
[PlyCount "126"]
[EventDate "2020.07.28"]
[EventType "tourn"]
[EventCountry "GER"]
[SourceTitle "playchess.com"]
[Source "ChessBase"]
[SourceQuality "1"]

{[%evp 14,126,48,54,76,56,67,7,34,25,26,26,28,27,37,41,41,14,20,-37,0,-21,0,-11,19,18,122,22,28,-10,-15,-22,0,-14,-17,-36,-36,-36,-35,-38,-41,-81,-26,-20,109,-192,-51,-86,111,106,103,96,115,113,112,81,75,-6,0,-63,-59,-60,-72,-65,-64,-64,-68,-65,-62,-62,-63,-80,-18,-58,0,0,0,-8,-6,-6,0,0,15,8,122,15,15,0,-5,0,0,-12,-25,-70,-8,-12,-32,-33,0,0,0,0,0,0,0,0,0,0,0,0,0,0,0,0,0]} 1. d4 Nf6 2. c4 g6 3. Nc3 Bg7 4. e4 d6 5. f3 O-O 6. Be3 Nbd7 7. Qd2 c5 8. Nge2 Qc7 {[#] E81: King's Indian: Sämisch: 6th move deviations (including 6 Be3 c6).} 9. Rc1 $146 ({Predecessor:} 9. Nf4 cxd4 10. Bxd4 Qd8 11. Be3 Ne5 12. Be2 b6 13. O-O Bb7 14. Nfd5 Rc8 15. b3 Ned7 16. Rae1 Nxd5 17. exd5 {½-½ (35) Lautenbach,W (2230)-Ryder,A (2180) ICCF email 2011}) 9... a6 10. Bh6 (10. Nf4 $14) 10... cxd4 11. Nxd4 Bxh6 12. Qxh6 Qb6 13. Qd2 Ne5 14. Be2 Bd7 15. f4 Nc6 16. Nb3 (16. Nc2 $11) 16... Rac8 {[#]} 17. c5 $1 {[%mdl 512]} Qb4 (17... dxc5 18. e5) 18. O-O Rfd8 19. cxd6 {Black must now prevent e5.} exd6 {[#]} (19... Be6 $11) 20. Bf3 (20. f5 $1 $16 {[%cal Rf5g6]} Rf8 21. Qe3) 20... Be6 $11 21. f5 Bxb3 22. axb3 Qd4+ 23. Qf2 Qxf2+ 24. Kxf2 Ne5 25. Rfd1 Rc6 26. Rd4 Rb6 27. Bd1 Rc8 (27... Nc6 $17 28. Rd2 gxf5 29. exf5 d5) 28. h3 Nxe4+ (28... Kg7 $11 29. Kg1 Rd8) 29. Ke3 $2 {[%mdl 8192]} (29. Rxe4 $16 {is forced if you want to stay better. Hoping for Rd4.} Nd3+ {[%mdl 64] Double Attack} 30. Ke3 Nxc1 31. Nd5) 29... Nc5 ({Black should try} 29... Ng3 $19 30. Bc2 Nxf5+ 31. Bxf5 gxf5) 30. Nd5 Re8 $2 (30... Nc6 $17 {keeps the pressure on. aiming for ...Re8+.} 31. Nf6+ {[%mdl 64] Discovered Attack} Kg7 32. Rxd6 Nxb3) 31. Nf6+ $16 {[%mdl 64] Double Attack} Kf8 {And now ...Ng4+ would win.} 32. Nxe8 Kxe8 33. b4 Ncd7 34. g4 Ke7 35. Rc7 (35. Ba4 $16) 35... Nc6 $11 36. Rf4 (36. Ba4 $1 $11 Nxd4 37. Rxd7+ Kf6 38. b5 Nxb5 39. Bb3) 36... Kd8 $15 37. Rxd7+ Kxd7 38. fxg6 fxg6 {[%mdl 4096] Endgame KRB-KRN} 39. Rf7+ Ke6 40. Rxh7 Rxb4 41. b3 Ne5 42. Rh8 b5 (42... Kd5 $17 43. Bc2 Ke6) 43. Ra8 Nd7 (43... Kd5 $1 $15) 44. Rxa6 $11 Nc5 45. Ra3 Re4+ 46. Kf3 b4 47. Ra8 {Re8+ is the strong threat.} Rd4 48. Bc2 {next Ke3 is good for White.} Kf6 {[#]} (48... g5 $11) 49. Rf8+ (49. Ke3 $1 $16 {[%cal Re3d4]} Rd5 50. h4) 49... Kg7 50. Rd8 Rd2 51. Be4 $1 Nxb3 52. Rd7+ Kf6 {Strongly threatening ...Nc5.} 53. h4 Nc5 (53... Rd4 $1 $15 54. Bc2 Nd2+ 55. Ke3 Ke5 56. Bxg6 Nc4+ 57. Kf2 Rxg4 {[%mdl 64] Double Attack}) 54. g5+ Ke6 55. Rg7 Nxe4 56. Kxe4 $15 {KR-KR. The position is equal.} d5+ 57. Ke3 Rh2 58. Rxg6+ Ke5 59. Rh6 b3 60. Kf3 b2 (60... Rh1 $5 61. Rb6 $8 Rxh4 $11) 61. Rb6 Rxh4 (61... d4 $5 62. Rb5+ $8 Ke6 $11) 62. Rxb2 Kf5 63. Rb5 Kxg5 {Accuracy: White = 64%, Black = 63%.} 1/2-1/2

[Event "47th GER-ch Blitz 2020"]
[Site "Magdeburg"]
[Date "2020.08.15"]
[Round "3.14"]
[White "Svane, Rasmus"]
[Black "Schneider, Ilja"]
[Result "1/2-1/2"]
[WhiteElo "2613"]
[BlackElo "2479"]
[Annotator "TA"]
[PlyCount "89"]
[EventDate "2020.07.28"]
[EventType "tourn"]
[EventCountry "GER"]
[SourceTitle "playchess.com"]
[Source "ChessBase"]
[SourceQuality "1"]

{[%evp 10,89,0,3,68,14,18,0,0,0,0,-44,-33,-46,-51,-44,-17,-29,-32,-33,0,-18,-17,-19,0,0,53,62,64,68,101,26,152,145,173,162,164,177,165,119,125,125,126,114,114,93,225,229,200,208,392,406,376,319,290,260,809,788,743,562,529,529,3429,2306,1350,5712,6701,6705,29978,29979,29979,29972,29985,29980,29983,29984,29984,29985,29983,29978,29978,29975]} 1. Nf3 Nf6 2. g3 b5 3. d4 e6 4. Bg2 Bb7 5. Bg5 c5 6. O-O Na6 {A46: 1 d4 Nf6 2 Nf3 e6: Torre, London and Colle Systems.} (6... d5 $11) 7. a4 (7. e4 $14) 7... b4 $11 8. c3 Be7 {The position is equal.} 9. cxb4 Nxb4 10. Nc3 cxd4 11. Nxd4 Bxg2 12. Kxg2 {[#]} Qb6 $146 ({Predecessor:} 12... O-O 13. e4 Qb8 14. Qe2 h6 15. Bf4 d6 16. Kg1 Qb7 17. e5 dxe5 18. Bxe5 a6 {½-½ (54) Narva,J (2145)-Aleksandrov,A (2577) Viljandi 2016}) 13. e4 h6 14. Bf4 a5 15. Qd2 O-O 16. Ndb5 Qb7 17. Bd6 Bxd6 (17... Nxe4 $11 18. Nxe4 Qxe4+ 19. f3 Qd5 20. Bxb4 Bxb4 21. Qxd5 exd5) 18. Nxd6 $14 Qc6 19. Rfd1 Nbd5 20. Nxd5 (20. Ncb5 $16 Nxe4 21. Nxe4) 20... exd5 (20... Nxd5 $11 21. exd5 Qxd6) 21. e5 $16 Ne4 22. Qxd5 Nxd6 23. Qxc6 dxc6 24. Rxd6 $18 {[%mdl 4096] Endgame KRR-KRR} Rfb8 25. Rc1 Rxb2 26. Rcxc6 Rb4 27. Rc7 Re4 {Black cannot hold the game after this.} (27... Rxa4 $16 28. Rdd7 Rf8) 28. f4 Rf8 29. Rdd7 Rxa4 $2 {[#]} (29... g6 30. Ra7 Rxa4) 30. e6 $1 {[%mdl 512] e7 is the strong threat.} Ra2+ (30... fxe6 31. Rxg7+) 31. Kf3 {Strongly threatening e7.} Ra3+ 32. Kg4 Re3 $2 (32... g6 33. Ra7 (33. Rxf7 Rxf7 34. Rxf7 Re3 $16) (33. exf7+ Kg7 $16) 33... a4 34. exf7+ Kg7) 33. f5 a4 34. Rxf7 Rxf7 35. Rxf7 {KR-KR} a3 {If only Black now had time for ...Re4+....} 36. Ra7 Kf8 37. Kh5 Re2 38. Rxa3 Rxh2+ 39. Kg6 {White mates.} Rg2 40. Re3 h5 41. Kxh5 Ke7 42. Kg6 Rf2 43. g4 Rf4 44. Kg5 Ra4 45. Rb3 {[%mdl 32768] Accuracy: White = 82%, Black = 47%. . An unexpected result.} 1/2-1/2

[Event "47th GER-ch Blitz 2020"]
[Site "Magdeburg"]
[Date "2020.08.15"]
[Round "3.15"]
[White "Reichmann, Hendrik"]
[Black "Svane, Frederik"]
[Result "0-1"]
[WhiteElo "2348"]
[BlackElo "2421"]
[Annotator "ChessBase"]
[PlyCount "26"]
[EventDate "2020.07.28"]
[EventType "tourn"]
[EventCountry "GER"]
[SourceTitle "playchess.com"]
[Source "ChessBase"]
[SourceQuality "1"]
[TimeControl "180+2"]

1. d4 {[%emt 0:00:00]} Nf6 {[%emt 0:00:00]} 2. Bf4 {[%emt 0:00:02]} b6 {[%emt 0:00:00]} 3. e3 {[%emt 0:00:01]} Bb7 {[%emt 0:00:00]} 4. Nf3 {[%emt 0:00:01]} Nh5 {[%emt 0:00:01]} 5. Bg5 {[%emt 0:00:01]} h6 {[%emt 0:00:01]} 6. Bh4 {[%emt 0:00:01]} g5 {[%emt 0:00:01]} 7. Nfd2 {[%emt 0:00:01]} Nf4 {[%emt 0:00:00]} 8. exf4 {[%emt 0:00:04]} gxh4 {[%emt 0:00:02]} 9. Qh5 {[%emt 0:00:36]} e6 {[%emt 0:00:01]} 10. Nf3 {[%emt 0:00:23]} Qf6 {[%emt 0:00:01]} 11. Qxh4 {[%emt 0:00:32]} Qxh4 {[%emt 0:00:01]} 12. Nxh4 {[%emt 0:00:01]} Rg8 {[%emt 0:00:00]} 13. Rg1 {[%emt 0:00:09]} Be7 {[%emt 0:00:05]} 0-1

[Event "47th GER-ch Blitz 2020"]
[Site "Magdeburg"]
[Date "2020.08.15"]
[Round "4.1"]
[White "Donchenko, Alexander"]
[Black "Svane, Frederik"]
[Result "1-0"]
[WhiteElo "2646"]
[BlackElo "2421"]
[Annotator "TA"]
[PlyCount "101"]
[EventDate "2020.07.28"]
[EventType "tourn"]
[EventCountry "GER"]
[SourceTitle "playchess.com"]
[Source "ChessBase"]
[SourceQuality "1"]

{[%evp 24,101,20,19,28,28,22,27,27,26,20,25,25,20,48,5,21,25,62,41,55,0,57,46,72,53,66,57,151,146,215,208,240,204,214,212,210,212,203,143,145,136,136,150,150,131,131,127,131,131,131,131,131,80,80,80,80,80,108,80,199,199,181,193,188,187,393,179,391,325,1254,730,1326,1208,29961,2545,29972,29973,29974,29967]} 1. Nf3 Nf6 2. c4 e6 3. g3 d5 4. Bg2 Be7 5. O-O O-O 6. d4 dxc4 7. Qc2 a6 8. a4 Bd7 9. Qxc4 Bc6 10. Bg5 Nbd7 {[%cal Bb8d7,Bd7f6,Bf6e4][%mdl 32]} 11. Nc3 h6 12. Bxf6 Nxf6 13. b4 Bd5 {E05: Open Catalan: 5 Nf3 Be7.} 14. Nxd5 exd5 15. Qb3 c6 {White has an edge.} 16. Rfc1 Qb6 17. Rab1 Ne4 18. e3 Rfc8 19. Bh3 Rd8 20. Rc2 Nd6 21. Bf1 {[#]} Rdc8 $146 ({Predecessor:} 21... Rac8 22. Ne5 Bf8 23. b5 cxb5 24. Rxc8 Nxc8 25. axb5 a5 26. Bg2 Qe6 27. Qa2 b6 28. Rc1 Ne7 {1-0 (92) Donchenko,A (2646)-Malinovsky,K (2456) Ceske Budejovice 2020}) 22. Bh3 Rd8 23. Ne5 g6 24. Bf1 Bf6 25. Nd3 a5 (25... h5 $14) 26. b5 $16 cxb5 {[#]} (26... Nf5 $16 {is a better defense.} 27. bxc6 Qxb3 28. Rxb3 bxc6) 27. Nf4 $1 $18 {[%cal Rf4d5]} ({Resist} 27. Qxd5 $6 b4 $16) 27... Nc4 {[#] intending ...Qd6.} 28. Nxd5 $1 {[%mdl 512]} Rxd5 29. Bxc4 ({Less strong is} 29. axb5 {[#]} Nxe3 $1 {[%mdl 512]} 30. fxe3 Rd7 $14) 29... Rd7 30. Bxb5 Rc7 31. Rbc1 Rac8 32. Rxc7 Rxc7 33. Rxc7 Qxc7 34. Bc4 Kg7 35. Qb5 Be7 36. Qd5 Bb4 37. h4 h5 38. Qb5 (38. Ba2 $142) 38... Qc6 $16 39. Bd3 Qxb5 40. Bxb5 {[%mdl 4096] Endgame KB-KB} Kf6 41. Kf1 g5 (41... Ke7 $16) 42. hxg5+ $18 Kxg5 43. f4+ Kf6 44. Kf2 Bd2 $2 (44... Bc3 45. Bc4 b6) 45. Ke2 (45. e4 $142) 45... Bc1 $2 (45... Bc3 46. Bc4 Kg7) 46. e4 b6 $2 (46... Kg6 47. Kf3 Kg7) 47. e5+ Ke7 48. Kf3 f6 49. d5 (49. Ke4 $142 fxe5 50. fxe5 Bg5 51. d5 h4 52. gxh4 Bxh4 53. d6+ Ke6 54. Bc4+ Kd7 55. Kd5) 49... fxe5 50. fxe5 Bb2 51. Ke4 {Accuracy: White = 70%, Black = 40%.} 1-0